All Pokemon in Gen 9 - Statistics

General Stats
  • This quiz has been taken 5 times
  • The average score is 70 of 120
Answer Stats
N0. Type 1 Type 2 Answer % Correct
910 Fire None Crocalor
100%
909 Fire None Fuecoco
100%
920 Bug Dark Lokix
100%
908 Grass Dark Meowscarada
100%
919 Bug None Nymble
100%
914 Water Fighting Quaquaval
100%
912 Waer None Quaxly
100%
913 Water None Quaxwell
100%
911 Fire Ghost Skeledirge
100%
906 Grass None Sprigatito
100%
979 Fighting Ghost Annihilape
67%
936 Fire Psychic Armarouge
67%
998 Dragon Ice Baxcalibur
67%
962 Flying Dark Bombirdier
67%
986 Grass Dark Brute Bonnet
67%
937 Fire Ghost Ceruledge
67%
935 Fire None Charcadet
67%
1002 Dark Ice Chien-Pao
67%
1004 Dark Fire Chi-Yu
67%
980 Poison Ground Clodsire
67%
927 Fairy None Dachsbun
67%
977 Water None Dondozo
67%
982 Normal None Dudunsparce
67%
981 Normal Psychic Farigiraf
67%
1016 Poison Fairy Fezandipiti
67%
926 Fairy None Fidough
67%
973 Flying Fighting Flamigo
67%
907 Grass None Floragato
67%
987 Ghost Fairy Flutter Mane
67%
996 Dragon Ice Frigibax
67%
1000 Steel Ghost Gholdengo
67%
999 Ghost None Gimmighoul
67%
969 Rock Poison Glimmet
67%
970 Rock Poison Glimmora
67%
1020 Fire Dragon Gouging Fire
67%
984 Ground Fighting Great Tusk
67%
1019 Grass Dragon Hydrapple
67%
1022 Rock Psychic Iron Boulder
67%
991 Ice Water Iron Bundle
67%
1023 Steel Psychic Iron Crown
67%
992 Fighting Electric Iron Hands
67%
993 Dark Flying Iron Jugulis
67%
1010 Grass Psychic Iron Leaves
67%
994 Fire Poison Iron Moth
67%
995 Rock Electric IronThorns
67%
990 Ground Steel Iron Treads
67%
1006 Fairy Fighting Iron Valiant
67%
941 Electric Flying Kilowattrel
67%
983 Dark Steel Kingambit
67%
950 Rock None Klawf
67%
1007 Fighting Dragon Koraidon
67%
915 Normal None Lechonk
67%
925 Normal None Maushold
67%
1008 Electric Dragon Miraidon
67%
1015 Poison Psychic Munkidori
67%
932 Rock None Nacli
67%
1017 Grass None Ogerpon
67%
968 Steel None Orthworm
67%
921 Electric None Pawmi
67%
922 Electric Fighting Pawmo
67%
923 Electric Fighting Pawmot
67%
1012 Grass Ghost Poltchageist
67%
954 Bug Psychic Rabsca
67%
1021 Electric Dragon Raging Bolt
67%
953 Bug None Rellor
67%
966 Steel Poison Revavroom
67%
1005 Dragon Dark Roaring Moon
67%
989 Electric Ground Sandy Shocks
67%
985 Fairy Psychic Scream Tail
67%
1013 Grass Ghost Sinistcha
67%
988 Bug Fighting Slither Wing
67%
918 Bug None Spidops
67%
924 Normal None Tandemaus
67%
978 Dragon Water Tatsugiri
67%
1003 Dark Ground Ting-Lu
67%
948 Ground Grass Toedscool
67%
949 Ground Grass Toedscruel
67%
965 Steel Poison Varoom
67%
976 Water Psychic Veluza
67%
1009 Water Dragon Walking Wake
67%
940 Electric Flying Wattrel
67%
1001 Dark Grass Wo-Chien
67%
930 Grass Normal Arboliva
33%
1018 Steel Dragon Archaludon
33%
997 Dragon Ice Arctibax
33%
939 Electric None Bellibolt
33%
947 Grass Ghost Brambleghast
33%
946 Grass Ghost Bramblin
33%
951 Grass None Capsakid
33%
975 Ice None Cetitan
33%
974 Ice None Cetoddle
33%
967 Dragon Normal Cyclizar
33%
1011 Grass Dragon Dipplin
33%
929 Grass Normal Dolliv
33%
963 Water None Finizen
33%
934 Rock None Garganacl
33%
945 Poison Normal Grafaiai
33%
971 Ghost None Greavard
33%
972 Ghost None Houndstone
33%
943 Dark None Mabosstiff
33%
942 Dark None Maschiff
33%
933 Rock None Naclstack
33%
916 Normal None Oinkologne
33%
1014 Poison Fighting Okidogi
33%
964 Water None Palafin
33%
1025 Poison Ghost Pecharunt
33%
952 Grass Fire Scovillain
33%
944 Poison Normal Shroodle
33%
928 Grass Normal Smoliv
33%
931 Normal Flying Squawkabilly
33%
938 Electric None Tadbulb
33%
917 Bug None Tarountula
33%
1024 Normal None Terapagos
33%
957 Fairy Steel Tinkatink
33%
959 Fairy Steel Tinkaton
33%
958 Fairy Steel Tinkatuff
33%
960 Water None Wiglett
33%
961 Water None Wugtrio
33%
956 Psychic None Espathra
0%
955 Psychic None Flittle
0%
No matching quizzes found
Score Distribution
Percent of People with Each Score
Percentile by Number Answered
Your Score History
You have not taken this quiz